| 000 | 01017pam a2200337 a 4500 | ||
|---|---|---|---|
| 999 |
_c1642 _d1642 |
||
| 001 | 016039464 | ||
| 003 | Uk | ||
| 005 | 20230117074341.0 | ||
| 008 | 120223s2012 enka j b 001|0 eng|d | ||
| 015 |
_aGBB220856 _2bnb |
||
| 016 | 7 |
_a016039464 _2Uk |
|
| 020 | _a9781409530671 (hbk.) : | ||
| 040 |
_aStDuBDS _beng _cStDuBDS _dUk _dKH8 |
||
| 042 | _aukblcatcopy | ||
| 082 | 0 | 4 |
_a599.756 MAC _223 |
| 100 | 1 |
_aMaclaine, James. _eauthor |
|
| 245 | 1 | 0 |
_aTigers / _cJames Maclaine ; illustrated by John Francis and Kimberley Scott. |
| 260 |
_aLondon : _bUsborne, _c2012. |
||
| 300 |
_a32 p. : _bcol. ill. ; _c21 cm. |
||
| 336 |
_atext _2rdacontent |
||
| 337 |
_aunmediated _2rdamedia |
||
| 338 |
_avolume _2rdacarrier |
||
| 490 | 0 | _aUsborne beginners | |
| 500 |
_aFormerly CIP. _5Uk |
||
| 504 | _aIncludes bibliographical references and index. | ||
| 521 | 2 | _aFoundation stage. | |
| 650 | 0 |
_aTiger _vJuvenile literature. |
|
| 700 | 1 |
_aFrancis, John. _eillustrator |
|
| 700 | 1 | _aScott, Kimberley. | |
| 942 |
_2ddc _cNFIC |
||